On This Day: November 15th Quiz Stats

Quiz Updated Nov 15, 2017

Challenge
Share
Tweet
Embed
Score 0/7 Timer 03:00
0 Plays Today
Question Answer Wrong Answers
This man becomes General Secretary of the Communist Party of China, and a new seven-member Politburo Standing Committee is inaugurated.
2012
Xi Jinping
84.3%
Wang Qishan
3.7%
Jiang Zemin
6.3%
Guo Wengui
3.2%
In Washington, D.C., US President Franklin D. Roosevelt lays the cornerstone of this memorial which was dedicated to the nation’s third President.
1939
Jefferson Memorial
83.5%
Lincoln Memorial
7.4%
Washington Monument
3.5%
James Madison Memorial
4.1%
In Brașov, Romania, workers rebel against the communist regime of this man.
1987
Nicolae Ceaușescu
82.5%
Ion Iliescu
4.9%
Traian Băsescu
5.4%
Klaus Iohannis
5%
The first assembly of the League of Nations is held in ______, Switzerland.
1920
Geneva
72%
Zürich
11.4%
Bern
10.8%
Lausanne
4.6%
This man resigns from his Government, and soon commands the 6th Battalion of the Royal Scots Fusiliers on the Western Front.
1915
Winston Churchill
52%
Neville Chamberlain
21.9%
Clement Attlee
13.2%
Stanley Baldwin
12.5%
This technology company headquartered in Santa Clara, California, releases the world’s first commercial single-chip microprocessor, the 4004.
1971
Intel
42.7%
Microsoft
12.6%
Apple
11.6%
IBM
31.1%
After 16 months of debate, the Continental Congress approves the ______.
1777
Articles of Confederation
38.3%
Declaration of Independence
27%
United States Constitution
22.9%
Bill of Rights
11.9%

Today's Daily Dose

You're not logged in!

Compare scores with friends on all Sporcle quizzes.
Sign Up with Email
OR
Log In

You Might Also Like...

Show Comments

Extras

Top Quizzes Today


Score Distribution

Your Account Isn't Verified!

In order to create a playlist on Sporcle, you need to verify the email address you used during registration. Go to your Sporcle Settings to finish the process.

Report this User

Report this user for behavior that violates our Community Guidelines.

Details: